UM Logo

Understanding eating behaviors of foreign residents : (Record no. 23228)

MARC details
000 -LEADER
fixed length control field 00878nam a22002057a 4500
005 - DATE AND TIME OF LATEST TRANSACTION
control field 20250916105149.0
008 - FIXED-LENGTH DATA ELEMENTS--GENERAL INFORMATION
fixed length control field 241119b |||||||| |||| 00| 0 eng d
082 ## - DEWEY DECIMAL CLASSIFICATION NUMBER
Classification number DPer 647.95 J826 January-December 2021 v. 24 n. 1-6
100 ## - MAIN ENTRY--PERSONAL NAME
Personal name Sezgin, Ahu.
Relator term author.
9 (RLIN) 64285
245 ## - TITLE STATEMENT
Title Understanding eating behaviors of foreign residents :
Remainder of title a case of Turkey /
Statement of responsibility, etc. Ahu Sezgin and Abdullah Tanrisevdi.
260 ## - PUBLICATION, DISTRIBUTION, ETC. (IMPRINT)
Place of publication, distribution, etc. USA ;
Name of publisher, distributor, etc. Taylor and Francis Group, LLC ,
Date of publication, distribution, etc. September-October 2021.
300 ## - PHYSICAL DESCRIPTION
Extent Volume 24, pages 503-533 :
Other physical details illustration ;
Dimensions 26 cm.
500 ## - GENERAL NOTE
General note Journal of Foodservice Business Research, vol. 24, no. 5, pages 503-533, September-October 2021.
650 #0 - SUBJECT ADDED ENTRY--TOPICAL TERM
Topical term or geographic name as entry element Eating behavior.
9 (RLIN) 67545
650 #0 - SUBJECT ADDED ENTRY--TOPICAL TERM
Topical term or geographic name as entry element Turkey.
9 (RLIN) 67546
650 #0 - SUBJECT ADDED ENTRY--TOPICAL TERM
Topical term or geographic name as entry element Foreign residents.
9 (RLIN) 67547
700 ## - ADDED ENTRY--PERSONAL NAME
Personal name Sezgin, Ahu.
Relator term author.
9 (RLIN) 64283
700 ## - ADDED ENTRY--PERSONAL NAME
Personal name Tanrisevdi, Abdullah.
Relator term author.
9 (RLIN) 64284
942 ## - ADDED ENTRY ELEMENTS (KOHA)
Source of classification or shelving scheme Dewey Decimal Classification
Koha item type Periodicals
Holdings
Withdrawn status Lost status Source of classification or shelving scheme Damaged status Not for loan Collection code Home library Current library Date acquired Total Checkouts Full call number Date last seen Price effective from Koha item type Public note
    Dewey Decimal Classification     Periodicals UM Digos College - LIC UM Digos College - LIC 11/19/2024   DPer 647.95 J826 January-December 2021 v. 24 n. 1-6 11/19/2024 11/19/2024 Periodicals Periodical Article